Oscar Academy Awards Records - Statistics

General Stats
  • This quiz has been taken 306 times
    190 since last reset
  • The average score is 12 of 30
Answer Stats
Category Won Answer % Correct
Films that won the most Oscars 1997 11 Titanic
92%
Most total nominations for a single person 21 Meryl Streep
86%
Countries with the most awards for Best International Feature Film 12 France
74%
Most nominations as Best Director 9 Steven Spielberg
70%
Films that won the most Oscars 2003 11 The Lord of the Rings:The Return of the King
70%
Countries with the most awards for Best International Feature Film 14 Italy
62%
Films with the most nominations 2025 16 Sinners
61%
Actors with the most awards in acting categories 3 Daniel Day-Lewis
60%
Most nominations as Best Director 10 Martin Scorsese
60%
Actresses with the most awards in acting categories 4 Katharine Hepburn
57%
Actors with the most awards in acting categories 3 Jack Nicholson
56%
Countries with the most awards for Best International Feature Film 5 Japan
55%
Films that won the most Oscars 1959 11 Ben-Hur
48%
Films with the most nominations 2016 14 La La Land
44%
Actors with the most nominations in acting categories 9 Al Pacino
39%
Most total nominations for a single person 59 Walt Disney
34%
Most total nominations for a single person 54 John Williams
30%
Actors with the most awards in acting categories 3 Sean Penn
30%
Most awards as Best Director 4 John Ford
29%
Actors with the most nominations in acting categories 9 Denzel Washington
27%
Actresses with the most nominations in acting categories 11 Bette Davis
25%
Actresses with the most awards in acting categories 3 Frances McDormand
25%
Actors with the most nominations in acting categories 9 Spencer Tracy
18%
Films with the most nominations 1950 14 All About Eve
17%
Most awards as Best Director 3 Frank Capra
16%
Actors with the most nominations in acting categories 10 Laurence Olivier
16%
Actors with the most nominations in acting categories 9 Paul Newman
16%
Actresses with the most awards in acting categories 3 Ingrid Bergman
14%
Most awards as Best Director 3 William Wyler
11%
Actors with the most awards in acting categories 3 Walter Brennan
7%
No matching quizzes found
Score Distribution
Percent of People with Each Score
Percentile by Number Answered
Your Score History
You have not taken this quiz since the last reset